| 000 | 01384nam a2200241 4500 | ||
|---|---|---|---|
| 001 | 156906 | ||
| 003 | ES-MaACL | ||
| 005 | 20230906210529.0 | ||
| 008 | 950427s1805 sp af |||| | spa d | ||
| 100 | 1 |
_aLaiglesia y Darrac, Francisco de. _969674 |
|
| 245 | 1 | 0 |
_aEnsayos sobre los verdaderos principios de la equitación, o Teoría de la escuela de a caballo, adaptada al más exacto raciocinio y a las leyes que dictan la geometría, la anatomía y la mecánica : _bcon varios suplementos sobre la belleza del caballo, su edad, hechura única de la silla y brida, método de cuidarle, herrarle y conocer sus enfermedades exteriores, para el uso de los caballeros educandos del Real Seminario de Nobles / _cpor D. Francisco de Laiglesia y Darrac. |
| 246 | 3 | _aTeoría de la escuela de a caballo | |
| 260 |
_aMadrid : _ben la Imprenta Real, _c1805. |
||
| 300 |
_aX, 268 p., [20] h. lám. ; _c21 cm. |
||
| 530 | _aDisponible en formato digital. | ||
| 594 | _aEn port.: tomo I, pero según Palau, 130182 es obra completa. | ||
| 599 | _aContraport. con grab. | ||
| 599 | _aLám: grabados calcográficos. | ||
| 650 | 4 |
_aEquitación. _9136007 |
|
| 710 | 2 |
_aReal Seminario de Nobles (Madrid) _9169963 |
|
| 852 | 4 |
_aES-MaACL _jR-2959 _z- Enc. pasta española _x Olim:G-13033 |
|
| 856 | 4 |
_uhttp://bdh-rd.bne.es/viewer.vm?id=0000084389&page=1 _zBiblioteca Digital Hispánica |
|
| 999 |
_c156906 _d156906 |
||